[Event "23rd Chicago Open"]
[Site "Wheeling, IL"]
[Date "2014.05.24"]
[Round "4.27"]
[White "Bayar, Anu"]
[Black "Santarius, Erik"]
[Result "0-1"]
[WhiteElo "1996"]
[BlackElo "2337"]
[PlyCount "48"]
[EventDate "2014.05.??"]
[EventRounds "9"]
[EventCountry "USA"]
[SourceDate "2014.01.04"]

1. d4 e6 2. c4 c5 3. Nf3 Nf6 4. Nc3 b6 5. e3 Bb7 6. Bd3 d6 7. O-O Nbd7 8. b3
Rg8 9. Nd2 g5 10. dxc5 Ne5 11. Bc2 g4 12. cxd6 Nf3+ 13. Nxf3 gxf3 14. g3 Bxd6
15. Bb2 Qb8 16. e4 Bxg3 17. fxg3 Rxg3+ 18. Kf2 Qf4 19. Qc1 Rg2+ 20. Ke1 Qh4+
21. Kd1 Rd8+ 22. Nd5 Bxd5 23. cxd5 Nxd5 24. Bd3 Nb4 0-1

[Event "23rd Chicago Open"]
[Site "Wheeling, IL"]
[Date "2014.05.24"]
[Round "4.28"]
[White "Haessel, Dale"]
[Black "Jimenez, Fidel"]
[Result "0-1"]
[WhiteElo "2181"]
[BlackElo "2577"]
[PlyCount "64"]
[EventDate "2014.05.??"]
[EventRounds "9"]
[EventCountry "USA"]
[SourceDate "2014.01.04"]

1. Nf3 c5 2. c4 Nc6 3. Nc3 Nf6 4. g3 d5 5. cxd5 Nxd5 6. Bg2 Nc7 7. d3 e5 8. Nd2
Be7 9. Nc4 f6 10. O-O O-O 11. Bxc6 bxc6 12. f3 Nd5 13. Bd2 Bh3 14. Re1 h5 15.
Qa4 Qd7 16. Ne4 Rab8 17. Rac1 Be6 18. Qc2 h4 19. Na5 Bf7 20. g4 Nb4 21. Bxb4
Rxb4 22. Nxc5 Qd4+ 23. e3 Qd5 24. Re2 Bxc5 25. Qxc5 Qxf3 26. Qxb4 Qxe2 27. Re1
Qxd3 28. Nxc6 h3 29. Ne7+ Kh7 30. Kf2 Be6 31. Kg3 Rd8 32. Kxh3 Rd4 0-1

[Event "23rd Chicago Open"]
[Site "Wheeling, IL"]
[Date "2014.05.24"]
[Round "4.35"]
[White "Amarasinghe, Prashantha"]
[Black "Yanayt, Eugene"]
[Result "0-1"]
[WhiteElo "2098"]
[BlackElo "2226"]
[PlyCount "84"]
[EventDate "2014.05.??"]
[EventRounds "9"]
[EventCountry "USA"]
[SourceDate "2014.01.04"]

1. d4 Nf6 2. c4 g6 3. Nc3 Bg7 4. e4 d6 5. Nf3 O-O 6. Be2 e5 7. O-O Nc6 8. d5
Ne7 9. Ne1 Nd7 10. f3 f5 11. g4 Kh8 12. h4 Ng8 13. g5 h6 14. Kg2 f4 15. Rh1 Rf7
16. Nd3 Bf8 17. Qg1 Be7 18. Kf1 Nf8 19. c5 hxg5 20. hxg5+ Nh7 21. Bxf4 exf4 22.
Qd4+ Rg7 23. Nxf4 Qe8 24. Nb5 Qf7 25. Nd3 Bxg5 26. cxd6 cxd6 27. Nxd6 Qf8 28.
e5 Bf5 29. Nf2 Qe7 30. f4 Bh4 31. Ng4 Rf8 32. Ne3 Nh6 33. Ndxf5 Nxf5 34. Nxf5
Rxf5 35. d6 Qg5 36. Bf3 Rxf4 37. Qe3 Rgf7 38. Rh3 Qg4 39. Ke2 Qxh3 40. Rh1 Qf5
41. e6 Qc2+ 42. Qd2 Re4+ 0-1

[Event "23rd Chicago Open"]
[Site "Wheeling, IL"]
[Date "2014.05.24"]
[Round "4.40"]
[White "Kogen, Jonathan"]
[Black "Lucente, Mike"]
[Result "1-0"]
[WhiteElo "2185"]
[BlackElo "2048"]
[PlyCount "32"]
[EventDate "2014.05.??"]
[EventRounds "9"]
[EventCountry "USA"]
[SourceDate "2014.01.04"]

1. d4 d6 2. e4 Nf6 3. Nc3 Nbd7 4. f4 e5 5. Nf3 exd4 6. Nxd4 Nc5 7. Bd3 Be7 8.
Qf3 O-O 9. h3 c6 10. Be3 d5 11. e5 Nxd3+ 12. cxd3 Nd7 13. Nf5 Nc5 14. Nxe7+
Qxe7 15. O-O-O b5 16. f5 f6 1-0

[Event "23rd Chicago Open"]
[Site "Wheeling, IL"]
[Date "2014.05.24"]
[Round "5.1"]
[White "Sargissian, Gabriel"]
[Black "Bregadze, Levan"]
[Result "1-0"]
[WhiteElo "2684"]
[BlackElo "2428"]
[PlyCount "91"]
[EventDate "2014.05.??"]
[EventRounds "9"]
[EventCountry "USA"]
[SourceDate "2014.01.04"]

1. d4 g6 2. Nf3 Bg7 3. c4 d6 4. Nc3 Nf6 5. g3 O-O 6. Bg2 c5 7. O-O cxd4 8. Nxd4
Nc6 9. Nxc6 bxc6 10. Bxc6 Bh3 11. Bxa8 Qxa8 12. Nd5 e6 13. Nxf6+ Bxf6 14. f3
Bxf1 15. Kxf1 Qc6 16. Qb3 d5 17. cxd5 exd5 18. Be3 Re8 19. Bf2 Qa6 20. Re1 d4
21. a3 h5 22. h4 Re6 23. Qd3 Qb7 24. Qd2 a5 25. b4 axb4 26. axb4 Rb6 27. Rb1
Be7 28. Be1 Qd7 29. Kg2 Bf8 30. Qd3 Rb5 31. Qc4 Qe8 32. Rb2 Qd7 33. Ra2 Rb8 34.
Ra6 Qf5 35. Qxd4 Qc2 36. Qe5 Rc8 37. Qe4 Qd1 38. Rxg6+ fxg6 39. Qxg6+ Bg7 40.
Qe6+ Kh7 41. Qf5+ Kh6 42. Qxc8 Qxe1 43. Qe6+ Kh7 44. b5 Qd1 45. Qe4+ Kh6 46.
Qe7 1-0

[Event "23rd Chicago Open"]
[Site "Wheeling, IL"]
[Date "2014.05.24"]
[Round "5.2"]
[White "Macieja, Bartlomiej"]
[Black "Harmon Vellotti, Luke"]
[Result "1-0"]
[WhiteElo "2605"]
[BlackElo "2396"]
[PlyCount "119"]
[EventDate "2014.05.??"]
[EventRounds "9"]
[EventCountry "USA"]
[SourceDate "2014.01.04"]

1. Nf3 Nf6 2. c4 e6 3. g3 a6 4. b3 b5 5. Nc3 b4 6. Na4 Bb7 7. d4 Be7 8. Bg2 O-O
9. Bb2 Qc8 10. Rc1 d6 11. d5 Nbd7 12. dxe6 fxe6 13. Bh3 Qe8 14. Bxe6+ Kh8 15.
Bh3 Qh5 16. Bg2 Ng4 17. c5 Nge5 18. O-O Nxf3+ 19. exf3 Bxf3 20. Bxf3 Rxf3 21.
Re1 Bf6 22. Re3 Rf5 23. Qxh5 Rxh5 24. cxd6 cxd6 25. Rc7 Ne5 26. Bxe5 Bxe5 27.
Nb6 Rd8 28. Rd3 Bf6 29. Nd5 a5 30. Nxf6 gxf6 31. f4 Kg8 32. Kg2 a4 33. Rb7 axb3
34. axb3 Rc5 35. Rd2 d5 36. Rxb4 Rd7 37. Kh3 Kf7 38. Kg4 Kg6 39. Kf3 Rc3+ 40.
Kg4 Rc5 41. Rdd4 h5+ 42. Kh4 Rc2 43. h3 Kf5 44. Rb5 Ke6 45. Rd3 Rh2 46. Kxh5
Rxh3+ 47. Kg6 d4 48. f5+ Ke7 49. Rb6 Rd5 50. Re6+ Kd7 51. Re4 Kd6 52. Rexd4
Rxd4 53. Rxd4+ Ke5 54. Rd3 Ke4 55. Rc3 Kd4 56. Rc4+ Ke5 57. Rc5+ Kd4 58. Rb5
Rxg3+ 59. Kxf6 Rc3 60. Kg6 1-0

[Event "23rd Chicago Open"]
[Site "Wheeling, IL"]
[Date "2014.05.24"]
[Round "5.3"]
[White "Xiong, Jeffrey"]
[Black "Perelshteyn, Eugene"]
[Result "1/2-1/2"]
[WhiteElo "2412"]
[BlackElo "2513"]
[PlyCount "117"]
[EventDate "2014.05.??"]
[EventRounds "9"]
[EventCountry "USA"]
[SourceDate "2014.01.04"]

1. e4 c5 2. Nf3 e6 3. g3 Nc6 4. Bg2 Nf6 5. Qe2 d5 6. exd5 Nxd5 7. O-O Be7 8.
Rd1 Bf6 9. Nc3 O-O 10. Ne4 Nd4 11. Nxd4 cxd4 12. c4 Nb4 13. Nxf6+ Qxf6 14. d3
Nc6 15. b3 Qe7 16. Bb2 Rd8 17. f4 a5 18. Qf2 Qc5 19. Re1 Bd7 20. Re4 Be8 21. g4
a4 22. Rf1 axb3 23. axb3 f5 24. Rxe6 Bf7 25. Re2 fxg4 26. f5 Rd6 27. Qg3 h5 28.
Be4 Re8 29. Bc1 Ne5 30. Bf4 Rb6 31. Bd5 Bxd5 32. Rxe5 Rxe5 33. Bxe5 Bf7 34. Qf4
Rxb3 35. Bxd4 Qf8 36. Qe5 Rxd3 37. Ra1 Rxd4 38. Qxd4 Qc8 39. f6 Qxc4 40. Ra8+
Kh7 41. Qxc4 Bxc4 42. Rc8 Bf7 43. Rc7 Kg6 44. fxg7 Kxg7 45. Rxb7 h4 46. Kf2 g3+
47. hxg3 hxg3+ 48. Kxg3 Kf6 49. Kf4 Bc4 50. Rb6+ Kg7 51. Kg5 Ba2 52. Rb7+ Kh8
53. Kf6 Bc4 54. Rb4 Bg8 55. Rb8 Kh7 56. Rb2 Kh8 57. Rd2 Bh7 58. Rd8+ Bg8 59.
Kg6 1/2-1/2

[Event "23rd Chicago Open"]
[Site "Wheeling, IL"]
[Date "2014.05.24"]
[Round "5.4"]
[White "Nemcova, Katerina"]
[Black "Troff, Kayden"]
[Result "0-1"]
[WhiteElo "2292"]
[BlackElo "2484"]
[PlyCount "82"]
[EventDate "2014.05.??"]
[EventRounds "9"]
[EventCountry "USA"]
[SourceDate "2014.01.04"]

1. e4 c5 2. Nf3 d6 3. d4 cxd4 4. Nxd4 Nf6 5. Nc3 a6 6. Be2 e5 7. Nb3 Be7 8. Be3
Be6 9. g4 h6 10. Bf3 Nbd7 11. Qe2 b5 12. O-O-O Bc4 13. Qd2 b4 14. Ne2 a5 15.
Kb1 Be6 16. Rhg1 Nb6 17. Bxb6 Qxb6 18. h4 a4 19. Nbc1 b3 20. cxb3 axb3 21. a3
Qxf2 22. Rdf1 Qb6 23. g5 hxg5 24. hxg5 Nd7 25. Nc3 Qa5 26. Bg4 Bc4 27. Rh1 Rxh1
28. Rxh1 Nf8 29. Rh8 Qc5 30. g6 fxg6 31. Nd5 Bg5 32. Qd1 Bxc1 33. Bf5 Bxd5 34.
Bxg6+ Bf7 35. Bxf7+ Kxf7 36. Qxb3+ Kf6 37. Rh5 g6 38. Rh3 Bf4 39. Qb7 Qg1+ 40.
Ka2 Qa7 41. Qc6 Rd8 0-1

[Event "23rd Chicago Open"]
[Site "Wheeling, IL"]
[Date "2014.05.24"]
[Round "5.7"]
[White "Homa, Seth"]
[Black "Holt, Conrad"]
[Result "0-1"]
[WhiteElo "2331"]
[BlackElo "2555"]
[PlyCount "56"]
[EventDate "2014.05.??"]
[EventRounds "9"]
[EventCountry "USA"]
[SourceDate "2014.01.04"]

1. d4 d5 2. Nf3 Nf6 3. c4 c6 4. Qc2 dxc4 5. Qxc4 Bf5 6. g3 e6 7. Bg2 Nbd7 8.
O-O Bd6 9. Re1 O-O 10. Nc3 e5 11. e4 Be6 12. Qa4 Qb6 13. Qc2 exd4 14. Nxd4 Qxd4
15. Rd1 Qc5 16. Be3 Qh5 17. Rxd6 Ng4 18. Nd1 Qxh2+ 19. Kf1 Nde5 20. b3 Rad8 21.
Rxd8 Rxd8 22. Bxa7 Qh5 23. Qc3 Nh2+ 24. Kg1 Nef3+ 25. Bxf3 Nxf3+ 26. Qxf3 Qxf3
27. Ne3 Rd2 28. Rf1 Bh3 0-1

[Event "23rd Chicago Open"]
[Site "Wheeling, IL"]
[Date "2014.05.24"]
[Round "5.9"]
[White "Erenburg, Sergey"]
[Black "Sharma, Arun"]
[Result "1-0"]
[WhiteElo "2633"]
[BlackElo "2383"]
[PlyCount "87"]
[EventDate "2014.05.??"]
[EventRounds "9"]
[EventCountry "USA"]
[SourceDate "2014.01.04"]

1. e4 c5 2. Nf3 e6 3. d4 cxd4 4. Nxd4 Nf6 5. Nc3 d6 6. Be3 a6 7. f3 b5 8. Qd2
Nbd7 9. g4 h6 10. O-O-O b4 11. Nce2 Qc7 12. h4 d5 13. Bf4 Bd6 14. Bxd6 Qxd6 15.
Bg2 dxe4 16. g5 e3 17. Qxe3 Nd5 18. Qf2 Bb7 19. f4 O-O-O 20. f5 e5 21. Nb3 Qb6
22. Qxb6 N5xb6 23. Bxb7+ Kxb7 24. Ng3 hxg5 25. hxg5 Kc7 26. g6 Nc4 27. Ne4 fxg6
28. fxg6 Rxh1 29. Rxh1 Nf8 30. Nbc5 a5 31. Rg1 Nd6 32. Nf6 Kc6 33. Nd3 Nxg6 34.
Nh5 e4 35. Rxg6 exd3 36. cxd3 Rh8 37. Nxg7 Kd5 38. Rg5+ Kc6 39. Rxa5 Nb5 40.
Ra6+ Kd5 41. Nf5 Rh2 42. Rb6 Kc5 43. Rb8 Rf2 44. d4+ 1-0

[Event "23rd Chicago Open"]
[Site "Wheeling, IL"]
[Date "2014.05.24"]
[Round "5.10"]
[White "Young, Angelo"]
[Black "Sadorra, Julio"]
[Result "0-1"]
[WhiteElo "2335"]
[BlackElo "2611"]
[PlyCount "52"]
[EventDate "2014.05.??"]
[EventRounds "9"]
[EventCountry "USA"]
[SourceDate "2014.01.04"]

1. d4 Nf6 2. Nf3 d5 3. g3 e6 4. Bg2 Be7 5. O-O O-O 6. Nbd2 c5 7. dxc5 Bxc5 8.
c4 Nc6 9. a3 a5 10. Nb3 Bb6 11. Qc2 a4 12. Nbd2 Bd7 13. e4 Rc8 14. exd5 exd5
15. Qxa4 Ne5 16. Qc2 Neg4 17. b4 dxc4 18. Bb2 c3 19. Bxc3 Nd5 20. Ne4 Bf5 21.
Qb2 Bxe4 22. Bxg7 Rc2 23. Qb3 Kxg7 24. Nh4 Nxf2 25. Bxe4 Ng4+ 26. Rf2 Rxf2 0-1

[Event "23rd Chicago Open"]
[Site "Wheeling, IL"]
[Date "2014.05.24"]
[Round "5.11"]
[White "Mulyar, Michael"]
[Black "Lenderman, Aleksandr"]
[Result "1/2-1/2"]
[WhiteElo "2417"]
[BlackElo "2582"]
[PlyCount "127"]
[EventDate "2014.05.??"]
[EventRounds "9"]
[EventCountry "USA"]
[SourceDate "2014.01.04"]

1. d4 Nf6 2. Nf3 d5 3. c4 e6 4. g3 Be7 5. Bg2 O-O 6. O-O dxc4 7. Qa4 a6 8. Qxc4
b5 9. Qc2 Bb7 10. Bd2 Ra7 11. Bg5 Nbd7 12. Bxf6 Nxf6 13. Nbd2 Qa8 14. Rfc1 Rc8
15. Nb3 Nd7 16. Na5 Be4 17. Ne5 Bxc2 18. Bxa8 Nxe5 19. dxe5 Rcxa8 20. Rxc2 c5
21. Nc6 Rc7 22. Nxe7+ Rxe7 23. Rxc5 Rd7 24. Rac1 g6 25. f4 Rd2 26. R5c2 Rad8
27. Kf2 Rxc2 28. Rxc2 Rd1 29. Ke3 Rd5 30. b4 Rd1 31. a3 Ra1 32. Rc3 Ra2 33. h4
f6 34. exf6 Kf7 35. Kd3 Kxf6 36. e4 Ke7 37. Ke3 Kd6 38. Kf3 h5 39. Re3 Ra1 40.
Rd3+ Ke7 41. Ke3 Rc1 42. Kd2 Ra1 43. Kc2 Kf6 44. Rc3 Rg1 45. Kd2 Rg2+ 46. Ke1
Ra2 47. Kf1 Ke7 48. e5 Kd7 49. Kg1 Rd2 50. Kf1 Ra2 51. Rd3+ Ke7 52. Ke1 Ra1+
53. Kd2 Ra2+ 54. Ke3 Rc2 55. Kf3 Rc1 56. Kg2 Ra1 57. Kh2 Ra2+ 58. Kg1 Ra1+ 59.
Kf2 Ra2+ 60. Ke3 Rc2 61. Ke4 Rc4+ 62. Kf3 Rc1 63. Kg2 Ra1 64. Kf3 1/2-1/2

[Event "23rd Chicago Open"]
[Site "Wheeling, IL"]
[Date "2014.05.24"]
[Round "5.14"]
[White "Mena, Carlos"]
[Black "Hoyos, Manuel"]
[Result "0-1"]
[WhiteElo "2311"]
[BlackElo "2525"]
[PlyCount "68"]
[EventDate "2014.05.??"]
[EventRounds "9"]
[EventCountry "USA"]
[SourceDate "2014.01.04"]

1. Nf3 g6 2. d4 Nf6 3. c4 c5 4. Nc3 cxd4 5. Nxd4 Nc6 6. g3 d6 7. Bg2 Bd7 8. Nc2
Bg7 9. Bd2 h5 10. h4 Ne5 11. b3 Bc6 12. O-O Bxg2 13. Kxg2 O-O 14. e4 a6 15. a4
e6 16. Be1 Qd7 17. Qd2 Rac8 18. Rd1 Rfd8 19. f3 Qc7 20. Ne3 Qb6 21. Rb1 Nfd7
22. Bf2 Qb4 23. Be1 Nc5 24. Ne2 Qb6 25. a5 Qc6 26. Qc2 b5 27. axb6 Qxb6 28. Bf2
Qb7 29. Bg1 Nc6 30. Qd1 a5 31. Nf4 Rb8 32. g4 hxg4 33. Nxg4 Ne5 34. Ne3 Bh6 0-1

[Event "23rd Chicago Open"]
[Site "Wheeling, IL"]
[Date "2014.05.24"]
[Round "5.19"]
[White "Mitkov, Nikola"]
[Black "Menon, Gopal"]
[Result "1-0"]
[WhiteElo "2511"]
[BlackElo "2246"]
[PlyCount "71"]
[EventDate "2014.05.??"]
[EventRounds "9"]
[EventCountry "USA"]
[SourceDate "2014.01.04"]

1. e4 c5 2. Nc3 e6 3. Nf3 d6 4. d4 cxd4 5. Nxd4 Nf6 6. f4 a6 7. Qf3 Qb6 8. Nb3
Qc7 9. Bd3 Nbd7 10. Bd2 b5 11. a4 bxa4 12. Rxa4 Nb6 13. Ra2 Be7 14. O-O O-O 15.
e5 Nfd7 16. Qh3 f5 17. exf6 Nxf6 18. Ne4 h6 19. Ba5 Rb8 20. Qg3 Bb7 21. Qg6
Nxe4 22. Bxe4 Bxe4 23. Qxe6+ Kh8 24. Qxe4 d5 25. Qe2 Bf6 26. g3 Rfe8 27. Qd3
Qd6 28. Qxa6 d4 29. Bxb6 Rxb6 30. Qd3 Rc6 31. Nd2 Qd5 32. c4 Qh5 33. Qf3 Qc5
34. b4 Qb6 35. c5 Qb5 36. Ra5 1-0

[Event "23rd Chicago Open"]
[Site "Wheeling, IL"]
[Date "2014.05.24"]
[Round "5.20"]
[White "Jimenez, Fidel"]
[Black "Velikanov, Alexander"]
[Result "1-0"]
[WhiteElo "2577"]
[BlackElo "2252"]
[PlyCount "79"]
[EventDate "2014.05.??"]
[EventRounds "9"]
[EventCountry "USA"]
[SourceDate "2014.01.04"]

1. e4 c5 2. Nf3 e6 3. b3 a6 4. Bb2 d5 5. exd5 exd5 6. Qe2+ Be6 7. g3 Nc6 8. Bg2
h6 9. O-O Nf6 10. Nh4 Kd7 11. f4 d4 12. Na3 Bd6 13. Nc4 Re8 14. Nxd6 Kxd6 15.
b4 b6 16. bxc5+ bxc5 17. Rfe1 Bd5 18. Qf1 Bxg2 19. Qxg2 Qd7 20. c3 Rxe1+ 21.
Rxe1 Re8 22. Rf1 Qe6 23. cxd4 cxd4 24. Nf3 Qd5 25. Rc1 Ne4 26. Qf1 Qxa2 27.
Nxd4 Qxb2 28. Nxc6 Nc5 29. Ne5 Qd4+ 30. Kg2 f6 31. Nf3 Qd3 32. Qg1 Re2+ 33. Kh3
Qd5 34. Rc3 Qf5+ 35. g4 Qd5 36. Nd4 Rxd2 37. Nf5+ Kd7 38. Rxc5 Rd3+ 39. Ng3 Qd6
40. Rc4 1-0

[Event "23rd Chicago Open"]
[Site "Wheeling, IL"]
[Date "2014.05.24"]
[Round "5.25"]
[White "Santarius, Erik"]
[Black "Yanayt, Eugene"]
[Result "1-0"]
[WhiteElo "2337"]
[BlackElo "2226"]
[PlyCount "115"]
[EventDate "2014.05.??"]
[EventRounds "9"]
[EventCountry "USA"]
[SourceDate "2014.01.04"]

1. d4 Nf6 2. c4 g6 3. Nc3 Bg7 4. e4 d6 5. Be2 O-O 6. h4 c5 7. d5 e6 8. Bg5 exd5
9. cxd5 Re8 10. f3 a6 11. Qd2 Nbd7 12. h5 b5 13. hxg6 fxg6 14. Nh3 Ne5 15. Bh6
Bh8 16. Nf4 Nf7 17. a4 Qa5 18. Qc1 b4 19. Nd1 Ra7 20. Ne3 b3+ 21. Kf2 Nxh6 22.
Rxh6 Rf7 23. Nc4 Qd8 24. g3 Bg7 25. Rh1 Nxe4+ 26. fxe4 Rxe4 27. Bf3 Rxc4 28.
Qxc4 g5 29. Ne6 Qf6 30. Qxb3 g4 31. Ra3 Rb7 32. Qd3 Rxb2+ 33. Ke1 Bxe6 34. dxe6
gxf3 35. Qxh7+ Kf8 36. Re3 Ke7 37. Qe4 Rb4 38. Qh7 Qa1+ 39. Kf2 Qa2+ 40. Kxf3
Qd5+ 41. Re4 Qd3+ 42. Kf4 Qd2+ 43. Kg4 Qe2+ 44. Kg5 Qxe4 45. Qxg7+ Kxe6 46.
Qg8+ Ke5 47. Re1 Rxa4 48. Qe8+ Kd5 49. Qa8+ Ke5 50. Rxe4+ Rxe4 51. Qxa6 c4 52.
g4 Rd4 53. Kh5 d5 54. g5 c3 55. g6 Rd2 56. g7 c2 57. Qa1+ Ke4 58. Qh1+ 1-0

[Event "23rd Chicago Open"]
[Site "Wheeling, IL"]
[Date "2014.05.24"]
[Round "5.30"]
[White "Eckert, Doug"]
[Black "Holroyd, Kenneth"]
[Result "1-0"]
[WhiteElo "2255"]
[BlackElo "2107"]
[PlyCount "97"]
[EventDate "2014.05.??"]
[EventRounds "9"]
[EventCountry "USA"]
[SourceDate "2014.01.04"]

1. c4 c6 2. Nf3 d5 3. e3 Nf6 4. Nc3 e6 5. Qc2 Nbd7 6. b3 Bd6 7. Bb2 O-O 8. Rg1
e5 9. cxd5 cxd5 10. Nb5 Qe7 11. Nxd6 Qxd6 12. d4 e4 13. Ne5 Qe6 14. h3 b6 15.
Qc7 a6 16. Qc6 Nxe5 17. Qxe6 Bxe6 18. dxe5 Nd7 19. f4 Nc5 20. g4 Bd7 21. Rd1
Bc6 22. Rg2 Rfc8 23. Rc2 Bb7 24. Kd2 Nd7 25. Rdc1 Rxc2+ 26. Rxc2 Rc8 27. Rxc8+
Bxc8 28. Bd4 g6 29. Kc3 Kf8 30. Kb4 Ke8 31. a4 Kd8 32. f5 gxf5 33. gxf5 Kc7 34.
e6 fxe6 35. fxe6 a5+ 36. Kb5 Nc5 37. Bxc5 bxc5 38. e7 Kd7 39. Kxc5 Kxe7 40. Kb5
d4 41. exd4 e3 42. Kxa5 Bxh3 43. Be2 h5 44. Bxh5 Bf1 45. Kb6 Kd6 46. a5 Kd5 47.
a6 Kxd4 48. a7 Bg2 49. b4 1-0

[Event "23rd Chicago Open"]
[Site "Wheeling, IL"]
[Date "2014.05.24"]
[Round "5.33"]
[White "Nieto, Manuel"]
[Black "Tang, Andrew"]
[Result "0-1"]
[WhiteElo "2043"]
[BlackElo "2219"]
[PlyCount "70"]
[EventDate "2014.05.??"]
[EventRounds "9"]
[EventCountry "USA"]
[SourceDate "2014.01.04"]

1. d4 d5 2. c4 e6 3. Nc3 Be7 4. Nf3 Nf6 5. cxd5 exd5 6. Bg5 c6 7. Qc2 g6 8. e3
Bf5 9. Bd3 Bxd3 10. Qxd3 O-O 11. O-O Nbd7 12. Nd2 Re8 13. Rae1 Nf8 14. f4 Ne6
15. Bh4 Ng7 16. h3 Qd7 17. Nf3 Nf5 18. Bf2 Nd6 19. Nd2 Bf8 20. g4 Nfe4 21. Bh4
Nxd2 22. Qxd2 Ne4 23. Nxe4 Rxe4 24. f5 Rae8 25. fxg6 hxg6 26. Bg5 Bg7 27. Rf4
Rxf4 28. Bxf4 Re4 29. Rf1 Qe7 30. Rf3 b6 31. Kg2 Bxd4 32. Qc1 Bc5 33. a3 a5 34.
Qc3 d4 35. exd4 Bxd4 0-1

[Event "23rd Chicago Open"]
[Site "Wheeling, IL"]
[Date "2014.05.24"]
[Round "5.37"]
[White "Peng, David"]
[Black "Haessel, Dale"]
[Result "1/2-1/2"]
[WhiteElo "2085"]
[BlackElo "2181"]
[PlyCount "112"]
[EventDate "2014.05.??"]
[EventRounds "9"]
[EventCountry "USA"]
[SourceDate "2014.01.04"]

1. e4 e5 2. Nf3 Nf6 3. Nxe5 d6 4. Nf3 Nxe4 5. Nc3 Nxc3 6. dxc3 Be7 7. Be3 Nc6
8. Qd2 Be6 9. O-O-O Qd7 10. Kb1 Bf6 11. Nd4 Nxd4 12. cxd4 d5 13. f3 O-O-O 14.
Bd3 Bf5 15. Rhe1 Rde8 16. g4 Bxd3 17. Qxd3 Bh4 18. Rg1 Re6 19. Bf4 f6 20. c4 g5
21. Bc1 dxc4 22. Qxc4 Rd8 23. Rg2 Qd5 24. Qd3 Rd7 25. b3 Be1 26. Re2 Bb4 27.
Rxe6 Qxe6 28. Bb2 c6 29. Qc4 Qd6 30. Rh1 Ba5 31. d5 Qxd5 32. Qxd5 Rxd5 33. Bxf6
Rd3 34. Rf1 Bd2 35. Kc2 Rd6 36. Be5 Re6 37. Bd4 Bf4 38. Rf2 c5 39. Bc3 Kd7 40.
Bd2 Bxd2 41. Kxd2 Kd6 42. Kd3 Rf6 43. Ke3 Ke5 44. Rd2 Ra6 45. h3 b5 46. h4 h6
47. hxg5 hxg5 48. Rh2 c4 49. Rh5 cxb3 50. axb3 Rg6 51. f4+ Kd5 52. f5 Rg8 53.
Rh7 Rc8 54. Kd2 Ke4 55. Rxa7 Kf4 56. Rb7 Kxg4 1/2-1/2

[Event "23rd Chicago Open"]
[Site "Wheeling, IL"]
[Date "2014.05.24"]
[Round "5.40"]
[White "Iwu, Okechukwu"]
[Black "Nieto, Guillermo"]
[Result "1-0"]
[WhiteElo "2139"]
[BlackElo "2015"]
[PlyCount "95"]
[EventDate "2014.05.??"]
[EventRounds "9"]
[EventCountry "USA"]
[SourceDate "2014.01.04"]

1. Nf3 c5 2. c4 g6 3. g3 Bg7 4. Bg2 Nc6 5. O-O d6 6. Nc3 e5 7. d3 Nge7 8. Rb1
O-O 9. a3 a5 10. Bg5 f6 11. Be3 Be6 12. Ne1 Rb8 13. Nc2 Nd4 14. b4 b6 15. Bd2
d5 16. Nxd5 Nxd5 17. cxd5 Bxd5 18. Bxd5+ Qxd5 19. Ne3 Qa8 20. b5 Qb7 21. Nc4
Qd5 22. a4 f5 23. f3 Ne6 24. Bc3 e4 25. Bxg7 Kxg7 26. f4 exd3 27. Qxd3 Qxd3 28.
exd3 Rfd8 29. Rbe1 Kf6 30. Re3 Nd4 31. Rfe1 h5 32. Kf2 Rb7 33. Re8 Rdd7 34.
Rf8+ Kg7 35. Ree8 Ne6 36. Rg8+ Kf6 37. Ne5 Rg7 38. h4 Rxg8 39. Rxg8 Ng7 40.
Rf8+ Ke6 41. Rc8 Kd5 42. Rd8+ Ke6 43. Nxg6 Kf6 44. Ne5 Ne6 45. Rh8 Ng7 46. Rh6+
Ke7 47. Ke3 Kf8 48. Rxb6 1-0

[Event "23rd Chicago Open"]
[Site "Wheeling, IL"]
[Date "2014.05.25"]
[Round "6.1"]
[White "Macieja, Bartlomiej"]
[Black "Sargissian, Gabriel"]
[Result "0-1"]
[WhiteElo "2605"]
[BlackElo "2684"]
[PlyCount "122"]
[EventDate "2014.05.??"]
[EventRounds "9"]
[EventCountry "USA"]
[SourceDate "2014.01.04"]
[WhiteClock "0:00:12"]
[BlackClock "0:07:28"]

1. e4 e5 2. Nf3 Nc6 3. Bb5 Nf6 4. d3 Bc5 5. c3 O-O 6. O-O Re8 7. Re1 a6 8. Ba4
d6 9. h3 b5 10. Bc2 h6 11. Nbd2 Bb6 12. Nh2 Ne7 13. Ndf1 Ng6 14. Ng3 d5 15. Qf3
Be6 16. Ng4 Nxg4 17. hxg4 Nh4 18. Qe2 Qf6 19. Nf5 dxe4 20. dxe4 Bc4 21. Bd3
Bxd3 22. Qxd3 Rad8 23. Qh3 Nxf5 24. gxf5 Rd7 25. g3 Red8 26. Qg4 Qc6 27. Kg2
Kf8 28. Qh4 Rd3 29. f6 gxf6 30. Bxh6+ Ke7 31. Qg4 Rh8 32. Rh1 Qe6 33. Qxe6+
Kxe6 34. Rae1 a5 35. Bc1 Rxh1 36. Rxh1 b4 37. cxb4 axb4 38. Re1 Bd4 39. Kf1 f5
40. exf5+ Kxf5 41. Ke2 e4 42. Rh1 Rf3 43. Rh2 c5 44. b3 Ke6 45. Bd2 f5 46. Be1
Bc3 47. Bxc3 bxc3 48. Rh6+ Kd5 49. Rh1 Kc6 50. Rc1 Kb5 51. Rc2 Rd3 52. a3 c4
53. a4+ Kb4 54. bxc4 Kb3 55. Rc1 Kb2 56. Rh1 c2 57. a5 c1=Q 58. Rxc1 Kxc1 59.
c5 Rc3 60. a6 Rxc5 61. f3 Rc2+ 0-1

[Event "23rd Chicago Open"]
[Site "Wheeling, IL"]
[Date "2014.05.25"]
[Round "6.4"]
[White "Holt, Conrad"]
[Black "Bregadze, Levan"]
[Result "1/2-1/2"]
[WhiteElo "2555"]
[BlackElo "2428"]
[PlyCount "79"]
[EventDate "2014.05.??"]
[EventRounds "9"]
[EventCountry "USA"]
[SourceDate "2014.01.04"]
[WhiteClock "0:03:17"]
[BlackClock "0:33:00"]

1. d4 Nf6 2. c4 e6 3. Nf3 d5 4. Nc3 Bb4 5. Bg5 h6 6. Bxf6 Qxf6 7. Qa4+ Nc6 8.
e3 O-O 9. Be2 Bd7 10. Qb3 dxc4 11. Qxc4 Bd6 12. a3 Qg6 13. O-O a6 14. Rfd1 Rfd8
15. Bd3 Qh5 16. Ne4 Ne7 17. Qc2 Bc6 18. Ng3 Qa5 19. Nd2 Bxg3 20. hxg3 e5 21.
Nb3 Qd5 22. e4 Qd6 23. Bc4 Qg6 24. dxe5 Bxe4 25. Qe2 Bd5 26. Bxd5 Rxd5 27. Rxd5
Nxd5 28. Rd1 c6 29. Nc5 b5 30. Rc1 a5 31. Nb3 Ne7 32. Qd2 a4 33. Nd4 Rd8 34.
Qb4 Rd7 35. Re1 Qg4 36. Nxc6 Qxb4 37. Nxb4 Rd2 38. Rb1 Nd5 39. Nxd5 Rxd5 40. b3
1/2-1/2

[Event "23rd Chicago Open"]
[Site "Wheeling, IL"]
[Date "2014.05.25"]
[Round "6.5"]
[White "Sadorra, Julio"]
[Black "Xiong, Jeffrey"]
[Result "1/2-1/2"]
[WhiteElo "2611"]
[BlackElo "2412"]
[PlyCount "139"]
[EventDate "2014.05.??"]
[EventRounds "9"]
[EventCountry "USA"]
[SourceDate "2014.01.04"]

1. Nf3 d5 2. g3 Bg4 3. Bg2 c6 4. c4 e6 5. O-O Nd7 6. cxd5 cxd5 7. Nc3 Ngf6 8.
d3 Be7 9. Qb3 O-O 10. Be3 Bxf3 11. Bxf3 Ne5 12. Qxb7 Nxf3+ 13. exf3 d4 14. Bxd4
Qxd4 15. Qxe7 Qxd3 16. Kg2 h5 17. h4 Qf5 18. Rfe1 Rfc8 19. Rad1 a5 20. f4 Rab8
21. Rd2 Rc5 22. Rd8+ Rxd8 23. Qxd8+ Kh7 24. Qd4 Ng4 25. Re2 Kg8 26. Rd2 Nf6 27.
Re2 Ng4 28. a3 Rc8 29. Rd2 Kh8 30. Ne4 Rf8 31. f3 Nh6 32. Rc2 Qg6 33. Qd7 Qh7
34. Rc8 Qg8 35. Rxf8 Qxf8 36. Qc7 Qa8 37. Ng5 Kg8 38. b3 g6 39. Kf2 Qa6 40.
Qd8+ Kg7 41. Qd4+ Kg8 42. Qd8+ Kg7 43. Qc7 Kg8 44. Ne4 Nf5 45. Nc5 Qb5 46. Qd8+
Kg7 47. Nd7 Kh7 48. Qe8 Nd6 49. Nf6+ Kg7 50. Qxb5 Nxb5 51. a4 Nd4 52. Nd7 Nxb3
53. Ke3 f6 54. Kd3 Kf7 55. Kc4 Nd2+ 56. Kb5 Ke7 57. Nc5 Nxf3 58. Kxa5 e5 59.
Kb6 Nd2 60. fxe5 fxe5 61. a5 Nc4+ 62. Kb5 Nxa5 63. Kxa5 Kf6 64. Kb4 Kf5 65. Kc4
g5 66. hxg5 Kxg5 67. Kd5 Kg4 68. Ne4 h4 69. gxh4 Kxh4 70. Kxe5 1/2-1/2